000 02750nkm0a2200469 4500
001 RU\NLR\BIBL_A\022315096
005 20260405141728.0
035 _a(NLR Aleph) 022315096
090 _a13495606
_c13495606
100 _a20251214 rusy50
101 0 _arus
102 _aRU
116 _aiiyaxx cm zz
135 _acrcn 024anaba
181 0 _ab4
_bxb2e
182 0 _an
200 1 _aБогдан Хмельницкий, гетман Малороссийский
_e[эстамп]
_fГравиро: Ф. Алексеев
203 _aИзображение
_bнеподвижное
_bдвухмерное
_bвизуальное
_cнепосредственное
210 _a[Москва]
_d[18--]
215 _a1 л.
_cграв. пунктиром
_d9,8х7,6 ; 18,3х12,3 ; 18,9х12,9
300 _aИллюстрация к изданию Бекетов, П. П. Собрание портретов россиян, знаменитых по своим деяниям ... Москва, 1821-1824
316 _aЭкз. РНБ на шифре Э Осн/28-7, Эе5607 - наклеен на картузную бумагу с еще четырьмя листами. Под изображением печать Императорской публичной библиотеки. Лист из Основного собрания ОЭФ РНБ
_5NLR: Э Осн/28-7
325 _aКопия доступна в Электрон. б-ке РНБ
327 0 _aПортрет погрудный, 3/4 вправо, в овальной раме
600 1 _aХмельницкий
_bБ.М.
_fок. 1595 - 1657
_gБогдан Михайлович
_jГравюры
_91850023
_3RU\NLR\AUTH\66838237
606 1 _aГравюра русская
_z19 в.
_92628079
_3RU\NLR\AUTH\661564639
686 1 _aЩ153(2Р=Рус)4-5
700 1 _aАлексеев
_bФ.
_f1800 - ок. 1840
_gФедор
_4530
702 1 _4570
_8rus
_7ca
_aХмельницкий
_bБ. М.
_fок.1595-1657
_gБогдан Михайлович
_3RU\NLR\AUTH\7757751
_940683
830 _aАлексеев, Ф.: Ровинский Граверы, I, ст. 11. - ММ ОЭФ
852 0 0 _aNLR
_bЭ
_jОсн/28-7
_mЭе5607
856 0 _uhttps://vivaldi.nlr.ru/le700000280/view
856 1 _uhttps://vivaldi.nlr.ru/le700000280/cover
856 2 _uhttps://vivaldi.nlr.ru/le700000280/text
942 _cVISUAL
980 _aNB
981 1 7 _a(17) Изографические материалы
_b(17) Эстампы
981 1 7 _a(17) Изографические материалы
_b(17) Портреты